01142pab a2200205 454500008004000000100001700040245005600057260000900113300001500122362001200137520052400149650003400673650002800707650002000735773004400755908000600799909001000805999001700815952010400832180718b1998 xxu||||| |||| 00| 0 eng d aShukla, S.N. aGood governance: Need for openness and transparency c1998 ap.398-406. aJul-Sep aThe author discusses efforts towards promoting openness and transparency in Indian administration, as reflected in the report of a Working Group on the subject, in the overall bid to formulate a Bill on Right to Information to be presented to Parliament. In his analytical review, the author focuses on provisions in two existing Acts (on official secrets and evidence) and Civil Service Conduct Rules, which obstruct operationalisation of Right to Information, and gives his specific views in this regard. - Reproduced aPublic administration - India aGood governance - India aGood governance aIndian Journal of Public Administration aN a39398 c39398d39398 00104070aIIPAbIIPAd2018-07-19hVolume no: 44, Issue no: 3pAR39764r2018-07-19w2018-07-19yAR